Signals & systems : Theory & worked examples (Record no. 68098)

000 -LEADER
fixed length control field 00477nam a22001817a 4500
003 - CONTROL NUMBER IDENTIFIER
control field NUST - PNEC
005 - DATE AND TIME OF LATEST TRANSACTION
control field 20170116181041.0
008 - FIXED-LENGTH DATA ELEMENTS--GENERAL INFORMATION
fixed length control field 150922b xxu||||| |||| 00| 0 eng d
020 ## - INTERNATIONAL STANDARD BOOK NUMBER
International Standard Book Number 9789694073644
040 ## - CATALOGING SOURCE
Transcribing agency LIBRARY
082 ## - DEWEY DECIMAL CLASSIFICATION NUMBER
Classification number 003 HAS
100 ## - MAIN ENTRY--PERSONAL NAME
9 (RLIN) 137
Personal name Hasnain, S.K.
245 ## - TITLE STATEMENT
Title Signals & systems : Theory & worked examples
Statement of responsibility, etc. S. K Hasnain
250 ## - EDITION STATEMENT
Edition statement -
260 ## - PUBLICATION, DISTRIBUTION, ETC.
Date of publication, distribution, etc. c.2009
650 ## - SUBJECT ADDED ENTRY--TOPICAL TERM
9 (RLIN) 11597
Topical term or geographic name entry element Signals & Systems
General subdivision MIS, MS Comm, Computer
942 ## - ADDED ENTRY ELEMENTS (KOHA)
Source of classification or shelving scheme
Koha item type Book
Holdings
Withdrawn status Lost status Source of classification or shelving scheme Damaged status Not for loan Permanent Location Current Location Shelving location Date acquired Total Checkouts Full call number Barcode Date last seen Price effective from Koha item type Date last checked out
          Pakistan Navy Engineering College (PNEC) Pakistan Navy Engineering College (PNEC)       003 HAS PNECLIB-029383 09/22/2015   Book  
          Pakistan Navy Engineering College (PNEC) Pakistan Navy Engineering College (PNEC)     3 003 HAS PNECLIB-029385 04/08/2016   Book 02/29/2016
          Pakistan Navy Engineering College (PNEC) Pakistan Navy Engineering College (PNEC)     3 003 HAS PNECLIB-029384 06/02/2016   Book 02/29/2016
© 2023 Central Library, National University of Sciences and Technology. All Rights Reserved.